The famous historie of the renouned and valiant Prince Robert surnamed the Bruce King of Scotland e&. [sic] : & of sundrie other valiant knights both Scots and English. Enlarged with an addition of the Scottishe kinges lineallie descended from him to Charles now Prince, together with a note of the beginninges of the most parte of the antie[n]t and famous nobilitie of Scotland. A historye both pleasant and profitable set forthe and done in heroik verse by Patrick Gordon Gentleman.

Bibliographic Details
Main Author: Gordon, Patrick, fl. 1615-1650
Format: eBook
Language:English
Published: At Dort : Printed by George Waters, 1615.
Series:Early English books online.
Subjects:
Online Access:Connect to the full text of this electronic book

MARC

Tag First Indicator Second Indicator Subfields
LEADER 00000nam a2200000 4500
001 in00004222620
005 20200806095839.0
006 m g d
007 cr bn |||a|bb|
008 910404s1615 ne o 00| | eng d
035 |a (UnM)99841490 
037 |a CL0036000026  |b ProQuest. 789 E. Eisenhower Parkway, Ann Arbor, MI 48108-3218 
040 |a Cu-RivES  |c Cu-RivES  |d CStRLIN  |e dcrb  |d WaOLN 
100 1 |a Gordon, Patrick,  |d fl. 1615-1650. 
245 0 4 |a The famous historie of the renouned and valiant Prince Robert surnamed the Bruce King of Scotland e&. [sic] :  |b & of sundrie other valiant knights both Scots and English. Enlarged with an addition of the Scottishe kinges lineallie descended from him to Charles now Prince, together with a note of the beginninges of the most parte of the antie[n]t and famous nobilitie of Scotland. A historye both pleasant and profitable set forthe and done in heroik verse by Patrick Gordon Gentleman. 
246 2 |a Famous historye of the valiant Bruce. I. Booke. 
246 2 |a Famous historie of the renouned and valiant Prince Robert surnamed the Bruce King of Scotland &c. 
246 2 |a Famous historie of the renouned and valiant Prince Robert surnamed the Bruce King of Scotland e&. 
260 |a At Dort :  |b Printed by George Waters,  |c 1615. 
300 |a 1 online resource ([192] pages) 
336 |a text  |b txt  |2 rdacontent 
337 |a computer  |b c  |2 rdamedia 
338 |a online resource  |b cr  |2 rdacarrier 
500 |a In verse. 
500 |a Signatures: A-2A⁴. 
500 |a Running title reads: The famous historye of the valiant Bruce. I. Booke. 
500 |a Reproduction of the original in the Henry E. Huntington Library and Art Gallery. 
510 4 |a STC (2nd edition)  |c 12066. 
533 |a Electronic reproduction.  |b Ann Arbor, Mich. :  |c UMI,  |d 1999-  |f (Early English books online)  |n Digital version of: (Early English books, 1475-1640 ; 958:24)  |7 s1999 miun s 
600 0 0 |a Robert,  |c I,  |c King of Scotland,  |d 1274-1329  |v Poetry. 
830 0 |a Early English books online. 
856 4 0 |u http://proxy.library.tamu.edu/login?url=https://search.proquest.com/docview/2240858382  |z Connect to the full text of this electronic book  |t 0 
999 f f |s c6201b0d-fb28-3c16-bcc4-e92f1486e9d2  |i c5c9f422-1f06-3ee7-a875-1ea0bd3de31e  |t 0 
952 f f |a Texas A&M University  |b College Station  |c Electronic Resources  |d Available Online  |t 0  |h No information provided 
998 f f |t 0  |l Available Online